|
|
|
|
| LEADER |
01162nam a2200277 a 4500 |
| 001 |
13332799 |
| 008 |
090602s2005 maua 001 0 eng d |
| 010 |
|
|
|a 2003061454
|
| 020 |
|
|
|a 0072512431 (alk. paper)
|
| 040 |
|
|
|a DLC
|c DLC
|d DLC
|
| 082 |
0 |
0 |
|a 657
|2 22
|
| 100 |
1 |
|
|a Larson, Kermit D.
|
| 245 |
1 |
0 |
|a Fundamental accounting principles /
|c Kermit D. Larson, John J. Wild, Barbara Chiappetta.
|
| 250 |
|
|
|a 17th ed.
|
| 260 |
|
|
|a Boston, Mass. :
|b McGraw-Hill,
|c c2005.
|
| 300 |
|
|
|a 1 v. (various pagings) :
|b col. ill. ;
|c 29 cm.
|
| 500 |
|
|
|a A variety of multi-media instructional aids are available to support the text.
|
| 500 |
|
|
|a Includes index.
|
| 541 |
1 |
|
|e 00015294
|
| 650 |
|
0 |
|a Accounting.
|
| 700 |
1 |
|
|a Wild, John J.
|
| 700 |
1 |
|
|a Chiappetta, Barbara.
|
| 852 |
4 |
|
|a Ayesha Abed Library
|j General Shelf.
|
| 999 |
|
|
|c 1310
|d 1310
|
| 952 |
|
|
|0 0
|1 0
|2 ddc
|4 0
|6 657_LAR_200500000000000
|7 0
|9 1191
|a BRACUL
|b BRACUL
|c GEN
|d 2009-06-25
|g 2440.00
|l 11
|m 80
|o 657 LAR
|p 3010015294
|r 2018-12-17
|s 2018-10-24
|t 1
|w 2009-06-25
|y BK
|
| 952 |
|
|
|0 0
|1 0
|2 ddc
|4 0
|6 657_000000000000000_LAR_2005
|7 0
|9 62199
|a BRACUL
|b BRACUL
|c AV
|d 2009-06-25
|l 0
|o 657 LAR
|p 4010015294
|r 2017-12-07
|t 1
|w 2009-06-25
|y AV
|